01427ny a22003013n 450000500170000000800410001702000150005803500090007304000170008208000340009908000340013309000110016710000310017824501380020925600240034726000320037150602800040365000410068365000240072465000570074865000730080565000460087874000390092485600400096394200080100395200950101199900190110620240305165311.0080623s2006 sp s 000 0 spa c a8497729315 a1729 aUMA.REdvLex a330.567.22:336.77(460)(0.034) a336.77:330.567.22(460)(0.034) c98d981 aPuyalto Franco, Mª José14aLas cláusulas de vencimiento anticipado en los préstamos bancarios al consumoh[Recurso electrónico]cMª José Puyalto Franco aServicio en línea a[Madrid] :bDykinson,c20061 aContenido solo disponible en los productos indicadosdvLex GlobaldvLex Global (Academic Edition, excluding Law Schools)dvLex Global (U.S. Academic Edition, Law Schools)dvLex Global (U.S. Academic Edition, excluding Law Schools)dvLex Global (Academic Edition, Law Schools)07aContrato de préstamo2Tesauro vLex07aCivil2Tesauro vLex07aDerecho de los consumidores y usuarios2Tesauro vLex07aUitbating van de vervoerdiensten. rechten en vrijheden2Tesauro vLex07aBijzondere geregeld vervoer2Tesauro vLex0 avLex Libros (Servicios en línea)40uhttps://app.vlex.com/#/sources/1729 cRAA 001040708VLEX9316985aBD-UINbBD-UINd2024-03-05l0p1729r2024-03-05w2024-03-05yRAA c158637d158637